<?xml version="1.0" encoding="UTF-8"?>
<collection xmlns:xsi="http://www.w3.org/2001/XMLSchema-instance" xsi:schemaLocation="http://www.loc.gov/MARC21/slim http://www.loc.gov/standards/marcxml/schema/MARC21slim.xsd" xmlns="http://www.loc.gov/MARC21/slim">
 <record>
  <leader>00000cam a22000004i 4500</leader>
  <controlfield tag="001">UP-99796217612121155</controlfield>
  <controlfield tag="003">Buklod</controlfield>
  <controlfield tag="005">20230504205608.0</controlfield>
  <controlfield tag="006">t     rm   |||| ud</controlfield>
  <controlfield tag="007">ta</controlfield>
  <controlfield tag="008">160622s        xx     d     r    |||| u|</controlfield>
  <datafield tag="020" ind1=" " ind2=" ">
   <subfield code="a">9783034607155 (HRD)</subfield>
  </datafield>
  <datafield tag="020" ind1=" " ind2=" ">
   <subfield code="a">3034607156 (HRD)</subfield>
  </datafield>
  <datafield tag="035" ind1=" " ind2=" ">
   <subfield code="a">(iLib)UPD-00255307908</subfield>
  </datafield>
  <datafield tag="037" ind1=" " ind2=" ">
   <subfield code="a">FA-6002</subfield>
   <subfield code="b">Fastbooks Educational Supply Inc.</subfield>
   <subfield code="c">Php 9,944.00</subfield>
  </datafield>
  <datafield tag="040" ind1=" " ind2=" ">
   <subfield code="a">AU</subfield>
   <subfield code="d">DCFA</subfield>
   <subfield code="e">rda</subfield>
  </datafield>
  <datafield tag="041" ind1=" " ind2=" ">
   <subfield code="a">eng</subfield>
  </datafield>
  <datafield tag="042" ind1=" " ind2=" ">
   <subfield code="a">DMLUC</subfield>
  </datafield>
  <datafield tag="090" ind1=" " ind2=" ">
   <subfield code="a">TS 171</subfield>
   <subfield code="b">H37 2013</subfield>
  </datafield>
  <datafield tag="100" ind1="1" ind2=" ">
   <subfield code="a">Haverkamp, Michael</subfield>
   <subfield code="e">author.</subfield>
  </datafield>
  <datafield tag="240" ind1="1" ind2="0">
   <subfield code="a">Synästhetisches Design.</subfield>
   <subfield code="l">English</subfield>
  </datafield>
  <datafield tag="245" ind1="1" ind2="0">
   <subfield code="a">Synesthetic design</subfield>
   <subfield code="b">handbook for a multisensory approach</subfield>
   <subfield code="c">Michael Haverkamp.</subfield>
  </datafield>
  <datafield tag="264" ind1=" " ind2="1">
   <subfield code="a">Basel</subfield>
   <subfield code="b">Birkhäuser</subfield>
   <subfield code="c">[2013]</subfield>
  </datafield>
  <datafield tag="264" ind1=" " ind2="4">
   <subfield code="c">©2013</subfield>
  </datafield>
  <datafield tag="300" ind1=" " ind2=" ">
   <subfield code="a">464 pages</subfield>
   <subfield code="b">illustrations (some color)</subfield>
   <subfield code="c">25 cm. +</subfield>
   <subfield code="e">1 sound disc (4 3/4 in.)</subfield>
  </datafield>
  <datafield tag="336" ind1=" " ind2=" ">
   <subfield code="a">text</subfield>
   <subfield code="2">rdacontent</subfield>
  </datafield>
  <datafield tag="337" ind1=" " ind2=" ">
   <subfield code="a">unmediated</subfield>
   <subfield code="2">rdamedia</subfield>
  </datafield>
  <datafield tag="338" ind1=" " ind2=" ">
   <subfield code="a">volume</subfield>
   <subfield code="2">rdacarrier</subfield>
  </datafield>
  <datafield tag="504" ind1=" " ind2=" ">
   <subfield code="a">Includes bibliographical references (p. 433-452) and index.</subfield>
  </datafield>
  <datafield tag="505" ind1="0" ind2="0">
   <subfield code="a">Part 1. Task and fundamentals : What is synesthetic product design? -- Product development as the design for all senses -- Human-machine communication ; Functional design ; Product placement and brand identity ; The significance of multisensory environments -- Fundamentals of perception : The senses of distance: seeing and hearing ; Physical senses of proximity ; Chemical senses ; Perceptual objects ; Subjective or objective? ; Qualia ; Grouping ; Gestalt principles ; Foreground and background -- Part 2. Strategies of perception and design : Connection of modalities within the perceptual system : Overview ; Rules of connection ; Elementary connections -- Finding similarities: cross-modal analogies : Analogy relationships ; Temporal analogy ; Intersensory attributes ; Analogy of motion and kinetic design ; Spatial analogies and soundscapes ; Functional analogy ; Tactile design -- Recognizing familiar features: iconic connection : Associative connections ; Onomatopoeia ; Pictogram and auditory icon ; Associations to smell and taste ; The context -- Understanding the meaning: symbols and metaphors : Symbolic connections ; Color symbolism ; Synesthetic metaphors ; Symbolism in brand design ; Musical symbolism -- Exploring individual perception: genuine synesthesia : Hearing colors, seeing acoustic tones ; Smell, taste, and everything else ; Subjective color-form relations ; Movement of synesthetic images ; Visualization of meaning ; Why synesthesia?: Function and significance -- Consciously constructing: mathematical and physical connections : Algorithms and concepts ; Objective color-sound relations -- Part 3. Holistic design : Cumulation of sensory contributions : Segregation or integration ; Perceptual conflicts -- The choice of customer-effective strategies : Assistance in decisions-making ; Examples of application ; Human-computer interaction -- Elementary forms : Basic forms of perception ; Elementary design -- Visualization of noise and music : Artistic and technical visualization ; Musical notation, graphics, and film -- Perception and emotion -- Future perspectives of synesthetic design : Design with all senses: for the senses ; Robustness ; Sustainability.</subfield>
  </datafield>
  <datafield tag="650" ind1=" " ind2="0">
   <subfield code="a">Industrial design.</subfield>
  </datafield>
  <datafield tag="650" ind1=" " ind2="0">
   <subfield code="a">Synesthesia.</subfield>
  </datafield>
  <datafield tag="650" ind1=" " ind2="0">
   <subfield code="a">Senses and sensation.</subfield>
  </datafield>
  <datafield tag="650" ind1=" " ind2="0">
   <subfield code="a">Cognitive neuroscience.</subfield>
  </datafield>
  <datafield tag="842" ind1=" " ind2=" ">
   <subfield code="a">Book</subfield>
  </datafield>
  <datafield tag="905" ind1=" " ind2=" ">
   <subfield code="a">FO</subfield>
  </datafield>
  <datafield tag="852" ind1="0" ind2=" ">
   <subfield code="a">UPD</subfield>
   <subfield code="b">DCFA</subfield>
   <subfield code="h">TS 171</subfield>
   <subfield code="i">H37 2013</subfield>
  </datafield>
  <datafield tag="942" ind1=" " ind2=" ">
   <subfield code="a">Book</subfield>
  </datafield>
 </record>
</collection>
